| 000 | 00684nam a22002770a 4500 | ||
|---|---|---|---|
| 001 | PT13907 | ||
| 003 | AR-LpoUNG | ||
| 005 | 20210131232609.0 | ||
| 008 | 191001s1997||||ag |||||||||||||||||spa d | ||
| 020 |
_a9500712261 _c$3.92 |
||
| 040 |
_aAR-LpoUNG _bspa _cAR-LpoUNG _eaacr |
||
| 041 | _aspa | ||
| 044 | _aag | ||
| 082 | 0 | _a372.044 7 77ma | |
| 100 | 1 | _aOrtega, Isabel | |
| 245 | 1 | 0 |
_aMatelíos : _blíos matemáticos |
| 260 |
_aBuenos Aires : _bSudamericana, _c1997. |
||
| 300 |
_a95 p. : _btbls. |
||
| 650 | 4 | _aAPRENDIZAJE | |
| 650 | 4 | _aEDUCACION | |
| 650 | 4 | _aENSEÑANZA | |
| 650 | 4 | _aMATEMATICAS | |
| 650 | 4 | _aPRACTICA PEDAGOGICA | |
| 905 | _a13907 | ||
| 942 | _cLIB | ||
| 999 |
_c16456 _d16456 |
||